1285 1457 1542 1312 1942 1846 1304 1434 1266 1194 1702 1645 1824 1291 1291 1180 1881 1760 1045 1341 1489 1622 1382 1606 1845 1964 1215 1245 1261 1497 1870 1128 1314 1174 1961 1347 1702 1242 1025 1733 1647 1417 1304 1901 1199 1118 1074 1820 1134 1749 1509 1544 1065 1296 1633 1962 1725 1142 1041 1595 1440 1309 1960 1904 1123 1187 1749 1844 1517 1906 1168 1429 1246 1922 1614 1527 1230 1569 1966 1282 1126 1721 1201 1691 1705 1867 1464 1766 1868 1998 1205 1536 1361 1624 1579 1415 1376 1581 1701 BCNSPRNW ULIB Ver.6.0+V

เปลี่ยนเป็นภาษาไทย

Change to English
 แสดงรายละเอียดบรรณานุกรม
  กลับหน้าหลัก

Brief Record : Get Marc (ISO 2709) : E-mail record : QR code < ปิดหน้าต่าง
LEADER : 00000nam 2200000uu 4500
001    13399108014
003     ULIB
008    110215s2546||||th 000 0 tha d
020    9749626516
060  4 WY157.6^bค128ก 2546
110 1  กระทรวงสาธารณสุข.^bกรมการแพทย์.^bโรงพยาบาลเลิดสิน.
245 00 การพยาบาลผู้ป่วยทางออร์โธปิดิกส์/^cผู้รวบรวม สุพรรณพิมพ์ นิ่มสอาด
250    พิมพ์ครั้งที่ 1
260    กรุงเทพฯ:^bบริษัท ปาปิรุส พับลิเคชั่น จำกัด,^c2546
300    160 หน้า:^bภาพประกอบ
650  7 ออร์โธปิดิกส์
945    ^p0^l0^i015846
995    ทศพร
999 ^a ใช้งานได้ทุกระบบ
รายการนี้ยังไม่มีแท็ก
คุณยังไม่ได้ล็อกอิน คุณสามารถมีกิจกรรมร่วมกับเว็บไซต์ได้ แต่ต้องล็อกอินก่อน ::
  ล็อกอิน

รายการสื่อสารสนเทศ

ลำดับที่ ประเภท เลขเรียก/บาร์โค้ด สถานที่ สถานะ
- ไม่พบข้อมูล -

รายการใกล้เคียง
    หัวเรื่อง [ออร์โธปิดิกส์]

BibComment


ยังไม่เคยถูกคอมเมนท์

คอมเมนท์ทรัพยากรรายการนี้
  คอมเมนท์: การพยาบาลผู้ป่วยท..


 Copyright 2026. Bcnsprnw @Library